00483nam a2200133Ia 4500008004100000024005900041082001900100100007300119245005400192260002600246600002700272650003300299999001700332260210s9999 xx 000 0 und d a11B-175-EL, 09B-96-EE, 10B-163-EE & 11B-177-EL a670.427072 JAM aJam Ali Mehdi, Muhammad Wahid, Ali Sarwar & Farhan Mohammed Aden 0aAutomation of Machine Through Internet Wirelessly aKarachi:bUITU,c2011 aElectronic Engineering aBachelor of Engineering (BE) c33116d33116